Supreme Court Justices - Statistics

General Stats
  • This quiz has been taken 6 times
  • The average score is 12 of 17
Answer Stats
Picture Answer % Correct
John Jay
100%
John Marshall
100%
Roger B. Taney
100%
William Howard Taft
100%
William Rehnquist
100%
Earl Warren
75%
John Roberts
75%
Warren E. Burger
75%
Charles E. Hughes
50%
Edward Douglass White
50%
Fred M. Vinson
50%
Harlan F. Stone
50%
John Rutledge
50%
Melville Fuller
50%
Morrison Waite
50%
Oliver Ellsworth
50%
Salmon P. Chase
50%
No matching quizzes found
Score Distribution
Percent of People with Each Score
Percentile by Number Answered
Your Score History
You have not taken this quiz